| 000 | 00776cam a2200205 4500 | ||
|---|---|---|---|
| 001 | ABS61412 | ||
| 008 | 000000n1999 000 0 eng u | ||
| 035 | _a(Sirsi) u100592 | ||
| 245 | _aLegal maze | ||
| 260 | _c1999 | ||
| 490 |
_aPremises and Facilities Management _v September 1999, 27-30(3) |
||
| 520 | _aReviews the outcome of a meeting between suppliers, consumers of support services, a union national secretary and an employment law expert discussing how recent changes in employment law will affect the supply and cost of FM services. | ||
| 590 | _aABS | ||
| 650 | _aEMPLOYMENT RELATIONS ACT | ||
| 650 | _aSUPPORT SERVICES | ||
| 650 | _aEMPLOYMENT LAW | ||
| 650 |
_aFACILITIES MANAGEMENT _96240 |
||
| 690 | _aOFFICE SERVICES AND ADMINISTRATION | ||
| 942 | _n0 | ||
| 999 |
_c60179 _d60179 |
||